Complete o ditado popular br - Statistics

Estatísticas Gerais
  • Esse quiz foi jogado 70 vezes
  • A pontuação média é 13 de 15
Estatísticas das Respostas
Hint Resposta % Correto
Não julgue um livro... Pela capa
98%
Mentira tem... Perna curta
98%
Quem ri por último... Ri melhor
98%
A pressa é... Inimiga da perfeição
97%
Água mole, pedra dura... Tanto bate até que fura
95%
Filho de peixe,... Peixinho é
94%
Cada macaco... No seu galho
90%
Deus ajuda... Quem cedo madruga
90%
Cachorro que ladra... Não morde
89%
Em briga de marido e mulher,... Não se mete a colher
89%
Quem tem boca... Vai a Roma
89%
De grão em grão... A galinha enche o papo
84%
Deus escreve certo... Por linhas tortas
81%
Quem é vivo... Sempre aparece
79%
Mais vale um pássaro na mão... Que dois voando
59%
Nenhum quiz correspondente encontrado
Distribuição das Pontuações
Porcentagem de Pessoas com Cada Pontuação
Percentil de Números Respondidos
Sua Pontuação Histórica
Você não jogou esse quiz